| 000 | 00671nam a22002057a 4500 | ||
|---|---|---|---|
| 005 | 20251108165348.0 | ||
| 008 | 250721s1985 xx 000 0 ara d | ||
| 082 | 1 | 4 | _a930/مور |
| 100 | 1 | _aمورتكات، أنطون | |
| 245 | 1 | 0 |
_aتموز : _bعقيدة الخلود و التقمص في فن الشرق القديم / |
| 264 | 1 |
_aدمشق : _bدار المجد للنشر و الخدمات الطباعية، _c1985. |
|
| 300 | _a336ص : مص | ||
| 650 | 1 | 7 | _aالتاريخ القديم |
| 650 | 1 | 7 | _aالتاريخ |
| 650 | 1 | 7 | _aالموت |
| 650 | 1 | 7 | _aالفن |
| 700 | 1 |
_aسليمان، توفيق _eترجمة |
|
| 942 |
_2ddc _cBK |
||
| 999 |
_c26084 _d26084 |
||